00669nam a2200169 a 450000100100000000500170001000800410002704000250006808200150009310000500010824500770015826000310023530000210026604900090028795201860029699900170048200003299420240305135410.0110805s19uu dr 000 0 spa d aDO-SdBNPbspacBNPHU axxxbG216n1 aGarcía Márquez, Gabriel,b1928-20149180413aEl negro que hizo esperar a los ángeles /cGabriel García Márquez. a[s.l.] :b[s.n.],c[s.f.]. a117 p. ;c19 cm. aBNPD 001050718RVaGRbGRcCTd2011-08-05iLF1l0oxxx G216np32994-10r2020-06-25w2020-06-25y1zPerteneció a la biblioteca personal de Aída Cartagena PortalatínZNo se presta c32485d32485